00632nam a2200193Ia 450000500170000000800410001702000260005804000190008404100120010308200150011524500560013026000380018630000100022450400500023465000590028465100580034370000270040185000100042820230102143029.0131103s9999 xx 000 0 und d a737702028cRs.1921.00 aLoreto College aEnglish a810.9bHUR aAmerican romanticismcJennifer A.Hurley,book editor aSan DiegobGreenhaven Pressc2000 a176p  aIncludes bibliographical references and index aAmerican literature-19th century-History and criticism aAmerican literature-Romanticism-History and criticism aHurley,Jennifer A.,ed. aLCLIB